[Event "New Delhi"]
[Site "Delhi"]
[Date "1984.??.??"]
[Round "?"]
[White "Prasad, Devaki V"]
[Black "Thipsay, Praveen Mahadeo"]
[Result "1/2-1/2"]
[WhiteElo "2340"]
[BlackElo "2435"]

1.e4 c5 2.Nf3 Nc6 3.d4 cxd4 4.Nxd4 Nf6 5.Nc3 d6 6.Bg5 Bd7 7.Qd2 Rc8 8.Be2 a6
9.Bxf6 gxf6 10.O-O e6 11.Rad1 h5 12.Nb3 b5 13.a3 Qb6 14.Qf4 Be7 15.Qg3 Ne5
16.Nd4 Nc4 17.Bxc4 Rxc4 18.Qd3 Rc5 19.Rfe1 Qb7 20.Nf3 Kf8 21.b4 Rc8 22.Ne2 Qc6
23.Ned4 Qc3 24.Qxc3 Rxc3 25.Rd3 Rc8 26.c3 Kg7 27.Nc2 Rc7 28.Ne3 Rhc8 29.Rc1 a5
30.bxa5 Ra8 31.Nd4 Rxa5 32.Rb1 Rxa3 33.Nxb5 Bxb5 34.Rxb5 Rc4 35.Rxh5 Rxe4
36.g4 d5 37.Rh3 Bc5 38.Kg2 Bxe3 39.Rhxe3 Rxg4+ 40.Rg3 Rg6 41.Re3 e5 42.Kf3 Ra2
43.Kg2 Ra3 44.Rf3 Rg5 45.h4 Rxg3+ 46.fxg3 Kg6 47.g4 Ra4 48.Kg3 Rc4 49.h5+ Kg7
50.Rd3 Rc5 51.Kh4 e4 52.Rd1 e3 53.Kg3 f5 54.gxf5 e2 55.Rh1 Rxc3+ 56.Kf2 Rc2
57.h6+ Kh7 58.Rh3 Rc6 59.Kxe2 Rxh6 60.Rd3 Rd6 61.Ke3 Kg7 62.Kd4 Kf6 63.Rf3 Rd7
64.Rf1 Kg5 65.f6 Rd8 66.Rf2 Rd6 67.Ke5 Re6+ 68.Kxd5 Rxf6 69.Rg2+ Kh6 70.Ke5 Rg6
71.Rb2 Kg7 72.Kf5 Rg1 73.Rf2 f6 74.Ra2 Rf1+ 75.Kg4 Kg6 76.Ra8 Rb1 77.Rg8+ Kf7
78.Ra8 Rb5 79.Kf4 Rb4+  1/2-1/2

[Event "New Delhi"]
[Site "Delhi"]
[Date "1984.??.??"]
[Round "?"]
[White "Thipsay, Praveen Mahadeo"]
[Black "Gufeld, Eduard"]
[Result "1/2-1/2"]
[WhiteElo "2435"]
[BlackElo "2480"]

1.e4 c5 2.Nf3 Nc6 3.d4 cxd4 4.Nxd4 Nf6 5.Nc3 d6 6.Bg5 Bd7 7.Be2 Qa5 8.Bxf6 gxf6
9.f4 f5 10.Nb3 Qd8 11.Qd3 Nb4 12.Qd2 Bg7 13.Bh5 O-O 14.a3 Nc6 15.O-O fxe4
16.Nxe4 Bxb2 17.Rab1 Bg7 18.f5 Ne5 19.f6 exf6 20.Nd4 b5 21.Ng3 Qb6 22.Kh1 Rae8
23.Be2 a6 24.a4 Nc6 25.Ndf5 Bxf5 26.Nxf5 Re5 27.axb5 axb5 28.Qf4 Ne7 29.Nxg7 Kxg7
30.Qxf6+ Kg8 31.Bd3 Ng6 32.Rb4 Qd8 33.Qxd8 Rxd8 34.Rxb5 Rxb5 35.Bxb5 Ne5  1/2-1/2

[Event "New Delhi"]
[Site "Delhi"]
[Date "1984.??.??"]
[Round "?"]
[White "Gufeld, Eduard"]
[Black "Parameswaran, Tiruchi N"]
[Result "1-0"]
[WhiteElo "2480"]
[BlackElo "2385"]

1.e4 c5 2.Nf3 d6 3.d4 cxd4 4.Nxd4 Nf6 5.Nc3 Nc6 6.Bg5 e6 7.Qd2 Be7 8.O-O-O O-O
9.f4 Nxd4 10.Qxd4 Qa5 11.Bc4 Bd7 12.e5 dxe5 13.fxe5 Bc6 14.Bd2 Nd7 15.Nd5 Qd8
16.Nxe7+ Qxe7 17.Rhe1 Rfc8 18.Bf1 Qc5 19.Qxc5 Nxc5 20.Bb4 Nd7 21.b3 Nf8 22.Kb2 Ng6
23.g3 Rd8 24.Rxd8+ Rxd8 25.c4 Rd7 26.Kc3 h5 27.a4 h4 28.a5 a6 29.Bc5 hxg3
30.hxg3 Ne7 31.b4 Nf5 32.Bf2 g5 33.b5 axb5 34.cxb5 Bf3 35.Bc4 Ne7 36.Bc5 Nd5+
37.Kb3 b6 38.axb6 Rb7 39.Rf1 g4 40.Bxd5 Bxd5+ 41.Kb4 Kg7 42.Ka5 Rb8 43.Bd6 Ra8+
44.Kb4 Rc8 45.Be7 Rb8 46.Kc5 Rc8+ 47.Kd6 Rb8 48.Rf4 Bf3 49.Rxg4+  1-0

[Event "DDR-ch 33th"]
[Site "Eilenburg"]
[Date "1984.??.??"]
[Round "3"]
[White "Goldberg, Alexander"]
[Black "Rossmann, Helmut"]
[Result "1/2-1/2"]
[WhiteElo "2320"]
[BlackElo "2355"]

1.e4 c5 2.Nf3 d6 3.d4 cxd4 4.Nxd4 Nf6 5.Nc3 Nc6 6.Bg5 e6 7.Qd2 a6 8.O-O-O h6
9.Be3 Be7 10.f4 Qc7 11.Be2 Bd7 12.g4 Nxd4 13.Bxd4 e5 14.Be3 Bc6 15.Bf3 b5
16.g5 exf4 17.Bxf4 hxg5 18.Bxg5 O-O-O 19.Rhg1 Qb7 20.Nd5 Bxd5 21.exd5 Kb8
22.Rge1 Rd7 23.Bf4 Bd8 24.Rg1 g6 25.Qd4 Qb6 26.Qc3 Rc7 27.Qb4 Be7 28.Rge1 Rc4
29.Qd2 Qd8 30.Kb1 Nh5 31.Bxh5 Rxh5 32.Bg3 Qd7 33.Qf2 Bd8 34.b3 Rc8 35.Re4 Rf5
36.Qe2 Kb7 37.a4 Rc5 38.axb5 axb5 39.Re8 Bf6 40.Qe4 Qc7 41.Bh4 Re5 42.Rxe5 Bxe5
43.Bf2 f5 44.Qe2 Qa5  1/2-1/2

[Event "Hamburg op"]
[Site "Hamburg"]
[Date "1984.??.??"]
[Round "1"]
[White "Glatt, Gabor"]
[Black "Radulov, Ivan"]
[Result "0-1"]
[WhiteElo "2320"]
[BlackElo "2450"]

1.e4 c5 2.Nf3 Nc6 3.d4 cxd4 4.Nxd4 Nf6 5.Nc3 d6 6.Bg5 e6 7.Qd2 a6 8.O-O-O h6
9.Be3 Qa5 10.f3 Nxd4 11.Qxd4 Bd7 12.Qb6 Qxb6 13.Bxb6 Rc8 14.Bd3 Be7 15.Rhe1 O-O
16.g4 Bc6 17.Bf2 Rfd8 18.Bg3 b5 19.a3 Bb7 20.Rd2 Ne8 21.Rf2 Bf6 22.Ne2 Nc7
23.f4 d5 24.f5 a5 25.Ng1 b4 26.axb4 axb4 27.Nf3 Ra8 28.Kd2 Ra2 29.b3 Ba6
30.h4 Be7 31.Bxa6 Nxa6 32.Kd3 f6 33.Rd2 Rc8 34.Rc1 Rc3+ 35.Ke2 Nc5  0-1

[Event "Hamburg op"]
[Site "Hamburg"]
[Date "1984.??.??"]
[Round "6"]
[White "Tringov, Georgi P"]
[Black "Wagner, Harald"]
[Result "1-0"]
[WhiteElo "2460"]
[BlackElo "2295"]

1.e4 c5 2.Nf3 Nc6 3.d4 cxd4 4.Nxd4 Nf6 5.Nc3 d6 6.Bg5 e6 7.Qd2 a6 8.O-O-O h6
9.Bf4 Bd7 10.Nxc6 Bxc6 11.Qe1 Qa5 12.f3 Rd8 13.Kb1 Be7 14.g4 b5 15.Bd2 Qc7
16.Bd3 d5 17.e5 Nd7 18.f4 b4 19.Ne2 d4 20.Rf1 Qb6 21.Ng3 Nc5 22.Bc4 Bd5 23.Qe2 a5
24.Bc1 O-O 25.f5 Na4 26.Ne4 Bxe4 27.Qxe4 Nc3+ 28.bxc3 bxc3+ 29.Ka1 Rb8 30.Bb3 a4
31.f6 axb3 32.cxb3 gxf6 33.exf6 Bd6 34.Bxh6 c2 35.Qxc2 Rfc8 36.Qd2 Rc5 37.Rf5 Kh7
38.Qg5 Rg8 39.Qh5  1-0

[Event "Hamburg op"]
[Site "Hamburg"]
[Date "1984.??.??"]
[Round "9"]
[White "Lau, Ralf"]
[Black "Heinbuch, Detlef"]
[Result "1-0"]
[WhiteElo "2400"]
[BlackElo "2255"]

1.e4 c5 2.Nf3 Nc6 3.d4 cxd4 4.Nxd4 Nf6 5.Nc3 d6 6.Bg5 e6 7.Qd2 a6 8.O-O-O Bd7
9.f4 Be7 10.Nf3 b5 11.Bxf6 Bxf6 12.Qxd6 Ra7 13.e5 Be7 14.Qd2 Qa5 15.Kb1 Bb4
16.Nd4 Bxc3 17.Qxc3 Qxc3 18.bxc3 Ke7 19.c4 Rc8 20.cxb5 axb5 21.Nxb5 Ra4 22.c4 Na5
23.Nc3 Rb4+ 24.Kc1 Bb5 25.Nxb5 Nxc4 26.Rd4 Na3+ 27.Kd2 Rb2+ 28.Ke3 Nc2+ 29.Ke4 Nxd4
30.Nxd4 Rc1 31.Ke3 Re1+ 32.Kf3 Rxa2 33.g3 Raa1 34.Kf2 Red1 35.Nf3 Ra2+ 36.Ke3 Raa1
37.Ke2 Rdc1 38.Rg1 h6 39.h4 h5 40.Kf2 g6 41.Be2 Rxg1 42.Nxg1 Ra3 43.Nf3 Rb3
44.Nd2 Rc3 45.Ne4 Ra3 46.Bb5 Ra8 47.Kg2 Ra2+ 48.Kh3 Ra8 49.Nd6 Rf8 50.Bc6 Rb8
51.Bb7 Kd7 52.Kg2 Ke7 53.Kf3 Rf8 54.Ke3 Rg8 55.Kd4 f6 56.Nc4 Rd8+ 57.Ke3 Rd1
58.exf6+ Kxf6 59.Ne5 Re1+ 60.Kf3 Rxe5 61.fxe5+ Kxe5 62.Be4 Kf6 63.Bd3 g5
64.hxg5+ Kxg5 65.Bf1 Kf5 66.Bh3+  1-0

[Event "HUN-ch"]
[Site "HUN"]
[Date "1984.??.??"]
[Round "6"]
[White "Sax, Gyula"]
[Black "Utasi, Tamas"]
[Result "1/2-1/2"]
[WhiteElo "2575"]
[BlackElo "2350"]

1.e4 c5 2.Nf3 d6 3.d4 cxd4 4.Nxd4 Nf6 5.Nc3 Nc6 6.Bg5 e6 7.Qd2 Be7 8.O-O-O O-O
9.f4 h6 10.Bh4 Bd7 11.Bxf6 Bxf6 12.Ndb5 Qa5 13.Qxd6 a6 14.e5 Nxe5 15.b4 Qd8
16.fxe5 Bg5+ 17.Kb2 Bxb5 18.Nxb5 axb5 19.Bxb5 Qc8 20.c4 Rd8 21.Qc5 Qxc5 22.bxc5 Bf4
23.c6 bxc6 24.Bxc6 Bxe5+ 25.Kb3 Rab8+ 26.Bb5 Bd4 27.a4 e5 28.Rhe1 f5 29.c5 Rdc8
30.Rc1 Kf7 31.c6 Ke7 32.Kb4 Kd6 33.Rc4 Rc7 34.a5 Rf7 35.a6 Kc7 36.Rxd4 exd4
37.Kc5 g5 38.Bc4 Rg7 39.Re6 Rd8 40.Bd3 h5 41.Re1 Rb8 42.Bxf5 Rb6 43.Ra1 Rxc6+
44.Kb5 Rb6+ 45.Kc5 Rc6+ 46.Kb5 Kd6 47.Be4 Rc5+ 48.Kb6 Rc3 49.a7 Rb3+ 50.Ka6 Rxa7+
51.Kxa7 Ke5 52.Bg6 Rb2 53.Re1+ Kf6 54.Bxh5 Rxg2 55.h3 Kf5 56.Kb6 Rc2 57.Rf1+ Ke5
58.Bg4 d3 59.Rf5+ Ke4 60.Rxg5 d2 61.Rg8 Rc1 62.Re8+ Kf4 63.Rd8 Ke3 64.Kb5 Rb1+
65.Kc4 Rc1+ 66.Kb3 Rb1+ 67.Kc2 Rc1+ 68.Kb2 Rh1 69.Re8+ Kf4 70.Kc2 d1=Q+ 71.Bxd1 Rxh3
72.Kd2 Ra3 73.Bc2 Rh3 74.Bd3 Rh2+ 75.Kc3 Ra2 76.Kd4 Ra4+ 77.Bc4 Kf5 78.Rf8+ Kg5
79.Kd5 Kg4 80.Be2+ Kg5 81.Bf3 Ra6 82.Ke5 Ra5+ 83.Bd5 Kh5 84.Rg8 Rb5 85.Ke4 Kh6
86.Rg2 Ra5 87.Kd4 Rb5 88.Be4 Rg5 89.Rxg5 Kxg5  1/2-1/2

[Event "Wch U20"]
[Site "Kiljava"]
[Date "1984.??.??"]
[Round "?"]
[White "Oll, Lembit"]
[Black "Thorsteins, Karl"]
[Result "1/2-1/2"]
[WhiteElo "2425"]
[BlackElo "2375"]

1.e4 c5 2.Nf3 d6 3.d4 Nf6 4.Nc3 cxd4 5.Nxd4 Nc6 6.Bg5 e6 7.Qd2 Be7 8.O-O-O O-O
9.f4 h6 10.Bh4 e5 11.Nf5 Bxf5 12.exf5 exf4 13.Kb1 d5 14.Qxf4 d4 15.Bxf6 Bxf6
16.Ne4 Be5 17.Qf3 Rc8 18.a3 Na5 19.Bd3 Nc4 20.Bxc4 Rxc4 21.Qd3 Qc7 22.g4 Rc8
23.Rd2 a5 24.g5  1/2-1/2

[Event "Kragujevac"]
[Site "Kragujevac"]
[Date "1984.??.??"]
[Round "12"]
[White "Lazic, Dragoljub"]
[Black "Martinovic, Slobodan"]
[Result "0-1"]
[WhiteElo "2320"]
[BlackElo "2460"]

1.e4 c5 2.Nf3 d6 3.d4 cxd4 4.Nxd4 Nf6 5.Nc3 Nc6 6.Bg5 e6 7.Qd2 a6 8.O-O-O h6
9.Bf4 Bd7 10.Nxc6 Bxc6 11.Qe1 Qc7 12.Bg3 Be7 13.f3 b5 14.e5 dxe5 15.Bxe5 Qb7
16.Bd3 O-O 17.Qg3 Rfd8 18.Ne4 Ne8 19.Kb1 Rac8 20.h4 Bxe4 21.Bxe4 Qb6 22.Bd3 Bf6
23.Bxf6 Nxf6 24.Qe1 b4 25.Ka1 Nd5 26.Qe4 f5 27.Qe5 Ne3 28.Rd2 Rd5 29.Qf4 e5
30.Qg3 e4 31.fxe4 fxe4 32.Qh3 Rcd8  0-1

[Event "SWE-ch"]
[Site "Linkoping"]
[Date "1984.??.??"]
[Round "?"]
[White "Ebenfelt, Anders"]
[Black "Pietrusiak, Bogdan"]
[Result "1-0"]
[WhiteElo "2200"]
[BlackElo "2270"]

1.e4 c5 2.Nf3 Nc6 3.d4 cxd4 4.Nxd4 Nf6 5.Nc3 d6 6.Bg5 e6 7.Qd2 Nxd4 8.Qxd4 Bd7
9.f4 Qa5 10.O-O-O a6 11.e5 dxe5 12.fxe5 Bc6 13.Bc4 Nd7 14.Rhe1 Qc5 15.Qg4 Be7
16.Bxe7 Qxe7 17.Qxg7 O-O-O 18.Ne4 Bxe4 19.Rxe4 Rdg8 20.Qh6 Rxg2 21.Qe3 Rhg8
22.Bxa6 bxa6 23.Qa7 R8g4 24.Re3 Qg5 25.Kb1 Rd2 26.Qxa6+ Kb8 27.Rb3+ Kc7 28.Rc3+  1-0

[Event "Moscow-ch"]
[Site "Moscow"]
[Date "1984.??.??"]
[Round "?"]
[White "Suetin, Alexey S"]
[Black "Kremenietsky, Anatoly M"]
[Result "1-0"]
[WhiteElo "2405"]
[BlackElo "2410"]

1.e4 c5 2.Nf3 Nc6 3.d4 cxd4 4.Nxd4 Nf6 5.Nc3 d6 6.Bg5 e6 7.Qd2 Be7 8.O-O-O O-O
9.f4 Nxd4 10.Qxd4 Qa5 11.Bc4 Bd7 12.e5 dxe5 13.fxe5 Bc6 14.Bd2 Nd7 15.Nd5 Qd8
16.Nxe7+ Qxe7 17.Rhe1 Rfd8 18.Qg4 Qc5 19.Bh6 Qf8 20.Rd3 Kh8 21.Bg5 Rdc8 22.Rh3 Bxg2
23.Rg3 Bc6 24.Be7 Qg8 25.Bd3 g6 26.Qf4 Re8 27.Bd6 Qg7 28.h4 Nb6 29.h5 Nd5
30.Qd2 Rad8 31.h6 Qg8 32.c4 Nf6 33.Qf2 Nd7 34.Rf1 f5 35.exf6 Qf7 36.Qe3 e5
37.Be7 Rc8 38.Kb1 a6 39.Rgg1 b5 40.cxb5 axb5 41.Be4 Nb8 42.Rc1 Bxe4+ 43.Qxe4 Qe6
44.Rcd1 Rc4 45.f7 Qxf7 46.Qxe5+ Kg8 47.Rgf1 Nd7 48.Rxf7 Nxe5 49.Rg7+ Kh8
50.Bf6 Ng4 51.Bd4 Rxd4 52.Rxd4 Nxh6 53.Rdd7 Nf5 54.Rxh7+ Kg8 55.Rh1  1-0

[Event "Moscow-ch"]
[Site "Moscow"]
[Date "1984.??.??"]
[Round "?"]
[White "Suetin, Alexey S"]
[Black "Gulko, Boris F"]
[Result "0-1"]
[WhiteElo "2405"]
[BlackElo "2470"]

1.e4 c5 2.Nf3 Nc6 3.d4 cxd4 4.Nxd4 Nf6 5.Nc3 d6 6.Bg5 Qb6 7.Nb3 e6 8.Bd3 a6
9.O-O Be7 10.Qe2 Bd7 11.Kh1 Qc7 12.a4 Rc8 13.a5 Ne5 14.Nd4 Bc6 15.Be3 O-O
16.f4 Nxd3 17.cxd3 Bb5 18.Rfc1 Qd7 19.Nf3 Rfe8 20.Qd2 Bc6 21.h3 Bf8 22.Bd4 Nh5
23.Ne2 f5 24.Qe3 fxe4 25.dxe4 Qf7 26.Bc3 Qg6 27.e5 Qe4 28.Qxe4 Bxe4 29.Rd1 Bxf3
30.gxf3 Red8 31.Kg2 g6 32.Rac1 d5 33.Bd2 Kf7 34.Kf2 Ke8 35.Ke3 Kd7 36.Kd3 Bh6
37.Be3 Rf8 38.Rxc8 Rxc8 39.Rc1 Rxc1 40.Bxc1 Bf8 41.Be3 Ng7 42.Bd2 Nf5 43.Be1 Bc5
44.b3 Kc6 45.b4 Be3 46.Bd2 Bf2 47.Nc3 Nd4 48.Bc1 Nxf3 49.Ke2 Bd4 50.Nb1 Ng1+
51.Kd3 Ba7 52.Be3 Bxe3 53.Kxe3 Nxh3 54.Nc3 g5 55.fxg5 Nxg5 56.Kf4 h6 57.Ke3 Nf7
58.Kf4 d4 59.Ne4 Kd5  0-1

[Event "Moscow-ch"]
[Site "Moscow"]
[Date "1984.??.??"]
[Round "?"]
[White "Kholmov, Ratmir D"]
[Black "Andrianov, Nikolai"]
[Result "1/2-1/2"]
[WhiteElo "2465"]
[BlackElo "2400"]

1.e4 c5 2.Nf3 d6 3.d4 cxd4 4.Nxd4 Nf6 5.Nc3 Nc6 6.Bg5 e6 7.Qd2 h6 8.Bxf6 gxf6
9.O-O-O a6 10.f4 Bd7 11.Kb1 h5 12.Be2 Qc7 13.Rhe1 O-O-O 14.Nxc6 Bxc6 15.Qd4 Be7
16.Bf3 Kb8 17.Rd3 h4 18.Qe3 Qa5 19.Red1 Qc5 20.Qe1 f5 21.exf5 Bxf3 22.Rxf3 Qxf5
23.Nd5 Bf6 24.Nxf6 Qxf6 25.f5 e5 26.c4 Qg5 27.Qe2 Rhg8 28.Rf2 Qg4 29.Qc2  1/2-1/2

[Event "Naleczow"]
[Site "Naleczow"]
[Date "1984.??.??"]
[Round "?"]
[White "Kindermann, Stefan"]
[Black "Nicevski, Risto"]
[Result "0-1"]
[WhiteElo "2490"]
[BlackElo "2390"]

1.e4 c5 2.Nf3 d6 3.d4 cxd4 4.Nxd4 Nf6 5.Nc3 Nc6 6.Bg5 e6 7.Qd2 a6 8.O-O-O Qb6
9.Nb3 Be7 10.f3 O-O 11.g4 Qc7 12.Be3 b5 13.g5 Nd7 14.h4 b4 15.Ne2 a5 16.Nbd4 Ba6
17.Nxc6 Qxc6 18.Nd4 Qb7 19.g6 Bxf1 20.Rdxf1 Nc5 21.h5 Bf6 22.Ne2 b3 23.cxb3 a4
24.Bd4 Rfc8 25.Kd1 Nxb3 26.axb3 Qxb3+ 27.Ke1 Rc2 28.Qe3 Qxe3 29.Bxe3 Bxb2
30.Rf2 a3 31.Nd4 Rc4 32.Rc2 a2 33.Ke2 Rxc2+ 34.Nxc2 a1=Q 35.Nxa1 Rxa1 36.gxh7+ Kxh7
37.Rh4 Be5 38.h6 g6 39.f4 Bf6 40.Rh3 Ra2+ 41.Kd3 Ra3+ 42.Kd2 Ra2+ 43.Kd1  0-1

[Event "New York op"]
[Site "New York"]
[Date "1984.??.??"]
[Round "7"]
[White "Ljubojevic, Ljubomir"]
[Black "Gurevich, Dmitry"]
[Result "1/2-1/2"]
[WhiteElo "2635"]
[BlackElo "2545"]

1.e4 c5 2.Nf3 d6 3.d4 cxd4 4.Nxd4 Nf6 5.Nc3 Nc6 6.Bg5 e6 7.Qd2 Be7 8.O-O-O O-O
9.f4 Nxd4 10.Qxd4 Qa5 11.Bc4 Bd7 12.e5 dxe5 13.fxe5 Bc6 14.Bd2 Nd7 15.Nd5 Qd8
16.Nxe7+ Qxe7 17.Rhe1 Qc5 18.Qf4 Bb5 19.Bb3 Qc7 20.Qg3 Nc5 21.Bg5  1/2-1/2

[Event "New York Barclay"]
[Site "New York"]
[Date "1984.??.??"]
[Round "10"]
[White "Sahu, Sekhar Chandra"]
[Black "Mednis, Edmar John"]
[Result "0-1"]
[WhiteElo "2320"]
[BlackElo "2460"]

1.e4 c5 2.Nf3 Nc6 3.d4 cxd4 4.Nxd4 Nf6 5.Nc3 d6 6.Bg5 e6 7.Qd2 a6 8.O-O-O Bd7
9.f3 Be7 10.Be3 h5 11.Kb1 Qc7 12.Qf2 b5 13.Nxc6 Bxc6 14.Bd4 b4 15.Ne2 e5
16.Bb6 Qb7 17.c4 Nd7 18.Be3 a5 19.Ng3 g6 20.Be2 Nc5 21.Nf1 Ne6 22.Bd3 Kf8
23.Nd2 Kg7 24.Rhg1 Bg5 25.Bxg5 Nxg5 26.h4 Ne6 27.g3 Qa7 28.Qf1 a4 29.f4 a3
30.c5 axb2 31.Bc4 Nxc5 32.Qf3 b3 33.a4 Qxa4 34.Bxb3 Nxb3 35.Qxb3 Bxe4+ 36.Kxb2 Qd4+  0-1

[Event "Nuoro"]
[Site "Nuoro"]
[Date "1984.??.??"]
[Round "?"]
[White "Rogers, Ian"]
[Black "Arlandi, Ennio"]
[Result "1-0"]
[WhiteElo "2455"]
[BlackElo "2315"]

1.e4 c5 2.Nf3 d6 3.d4 cxd4 4.Nxd4 Nf6 5.Nc3 Nc6 6.Bg5 e6 7.Qd2 Be7 8.O-O-O O-O
9.f4 Nxd4 10.Qxd4 Qa5 11.Bc4 Bd7 12.e5 dxe5 13.fxe5 Bc6 14.Bd2 Nd7 15.Nd5 Qd8
16.Nxe7+ Qxe7 17.Rhe1 Rfc8 18.Bf1 Qc5 19.Qxc5 Nxc5 20.Be3 Nd7 21.Bf2 Nf8
22.b3 Rd8 23.Rxd8 Rxd8 24.Bxa7 Ra8 25.Bb6 Rxa2 26.Kb1 Ra8 27.Kb2 Ng6 28.g3 Kf8
29.b4 Ke8 30.b5 Bf3 31.c4 Nf8 32.Re3 Bh1 33.Ra3 Rxa3 34.Kxa3 Kd7 35.Kb4 Kc8
36.Bc5 Nd7 37.Bd6 b6 38.Bd3 g6 39.Bc2 f6 40.exf6 Nxf6 41.Be5 Nd7 42.Bd4 e5
43.Be3 Kc7 44.g4 Kd6 45.g5 Bf3 46.h4 Nc5 47.Bxc5+ bxc5+ 48.Kc3 Bb7 49.Kd3 e4+
50.Ke3 Ke5 51.Bd1 Bc8 52.Ba4 Be6 53.b6 Kd6 54.Bb5 Bc8 55.Kxe4 Bb7+ 56.Kf4 Bc8
57.Kg3 Bb7 58.Kg4 Bc8+ 59.Kf4 Bb7 60.Be8 Ke7 61.Ba4 Kd6 62.Bc2 Ba6 63.Bd3 Kc6
64.Ke5 Kxb6 65.Kf6 Bc8 66.Kg7 Bf5 67.h5 Bxd3 68.h6 Bxc4 69.Kxh7 Bd3 70.Kg7 c4
71.h7 c3 72.h8=Q c2 73.Qc8  1-0

[Event "Pernik"]
[Site "Pernik"]
[Date "1984.??.??"]
[Round "13"]
[White "Lau, Ralf"]
[Black "Radulov, Ivan"]
[Result "1/2-1/2"]
[WhiteElo "2375"]
[BlackElo "2465"]

1.e4 c5 2.Nf3 Nc6 3.d4 cxd4 4.Nxd4 Nf6 5.Nc3 d6 6.Bg5 e6 7.Qd2 a6 8.O-O-O h6
9.Bf4 Bd7 10.Nxc6 Bxc6 11.Qe1 Qc7 12.h4  1/2-1/2

[Event "Poznan"]
[Site "Poznan"]
[Date "1984.??.??"]
[Round "4"]
[White "Bernard, Ryszard"]
[Black "Lanc, Alois"]
[Result "1/2-1/2"]
[WhiteElo "2415"]
[BlackElo "2410"]

1.e4 c5 2.Nf3 d6 3.d4 cxd4 4.Nxd4 Nf6 5.Nc3 Nc6 6.Bg5 e6 7.Qd2 h6 8.Bxf6 gxf6
9.O-O-O a6 10.Kb1 Bd7 11.f4 Qb6 12.Nb3 O-O-O 13.g3 Be7 14.Bh3 Kb8 15.f5 Bc8
16.Rhf1 h5 17.Qe1 Rh6 18.Ne2 h4 19.Nf4 hxg3 20.Qxg3 Qb5 21.fxe6 Rdh8 22.Bf5 fxe6
23.Bxe6 Bxe6 24.Nxe6 Qe5 25.Ned4 Rxh2 26.Nxc6+ bxc6 27.Qe3 Qb5 28.Rf5 c5
29.Nc1  1/2-1/2

[Event "Poznan"]
[Site "Poznan"]
[Date "1984.??.??"]
[Round "7"]
[White "Thipsay, Praveen Mahadeo"]
[Black "Lanc, Alois"]
[Result "1-0"]
[WhiteElo "2445"]
[BlackElo "2410"]

1.e4 c5 2.Nf3 Nc6 3.d4 cxd4 4.Nxd4 Nf6 5.Nc3 d6 6.Bg5 e6 7.Qd2 a6 8.O-O-O h6
9.Bf4 Bd7 10.Nxc6 Bxc6 11.Qe1 Qc7 12.h4 Be7 13.Rh3 e5 14.Bd2 b5 15.Kb1 Qb7
16.f3 b4 17.Ne2 a5 18.g4 g6 19.g5 hxg5 20.hxg5 Rxh3 21.gxf6 Rxf3 22.fxe7 Bxe4
23.Ng3 Rxg3 24.Qxg3 Rc8 25.Bd3 Bxd3 26.Qxd3 d5 27.Bg5 d4 28.Qh3 Qc6 29.Rc1 Qe6
30.Qxe6  1-0

[Event "URS-FL"]
[Site "Sverdlovsk"]
[Date "1984.??.??"]
[Round "?"]
[White "Dolmatov, Sergey"]
[Black "Vaisser, Anatoli"]
[Result "1-0"]
[WhiteElo "2540"]
[BlackElo "2495"]

1.e4 c5 2.Nf3 d6 3.d4 cxd4 4.Nxd4 Nf6 5.Nc3 Nc6 6.Bg5 e6 7.Qd2 a6 8.O-O-O h6
9.Be3 Be7 10.f4 Qc7 11.Be2 Nxd4 12.Qxd4 e5 13.Qd3 b5 14.Kb1 O-O 15.g4 b4
16.Nd5 Nxd5 17.exd5 exf4 18.Bxf4 a5 19.Qd2 Ba6 20.Bxa6 Rxa6 21.g5 hxg5 22.Bxg5 Bxg5
23.Qxg5 a4 24.Rhg1 f6 25.Qf5 b3 26.cxb3 axb3 27.a3 Re8 28.Rc1 Qe7 29.Qd3 Rb6
30.Rc3 Qe2 31.Qxe2 Rxe2 32.Rc8+ Kh7 33.Rc7 Kh6 34.Rcxg7 Re1+ 35.Rxe1 Kxg7
36.Re4 Rb5 37.Rb4 Rxd5 38.Rxb3 f5 39.Kc2 Kf6 40.Rd3 Rc5+ 41.Kd2 Ke5 42.b4 Rb5
43.Rb3 Rd5+ 44.Ke2 Ke6 45.h4 f4 46.b5 Kd7 47.Kf3 Rf5 48.Rb4 Rh5 49.Kg4  1-0

[Event "Thessaloniki ol (Women)"]
[Site "Thessaloniki"]
[Date "1984.??.??"]
[Round "1"]
[White "Erenska Radzewska, Hanna"]
[Black "Laitinen, Leena"]
[Result "1-0"]
[WhiteElo "2240"]
[BlackElo "1875"]

1.e4 c5 2.Nf3 Nc6 3.d4 cxd4 4.Nxd4 Nf6 5.Nc3 d6 6.Bg5 e6 7.Qd2 a6 8.O-O-O Be7
9.f3 d5 10.exd5 Nxd5 11.Nxc6 Bxg5 12.Nxd8 Bxd2+ 13.Rxd2 Nxc3 14.bxc3 Ke7
15.Nxf7 Kxf7 16.Bc4 Re8 17.Re1 Kf6 18.Rd6 Ke7 19.Rb6 Kf7 20.a4 Re7 21.Kb2 Ra7
22.Rd6 b5 23.axb5 axb5 24.Bxb5 Reb7 25.c4 Ke7 26.Rd3 Rb8 27.f4 Rba8 28.Rb3 Bb7
29.g3 Ra2+ 30.Kc3 Rd8 31.Rbb1 Bf3 32.Ra1 Rxa1 33.Rxa1 Be4 34.Ra7+ Kf6 35.c5 Rd5
36.Rc7 Rd1 37.Be8 g5 38.Rf7+  1-0

[Event "Thessaloniki ol (Women)"]
[Site "Thessaloniki"]
[Date "1984.??.??"]
[Round "5"]
[White "Wiese Jozwiak, Malgorzata"]
[Black "Nutu Gajic, Dana"]
[Result "0-1"]
[WhiteElo "2125"]
[BlackElo "2180"]

1.e4 c5 2.Nf3 d6 3.d4 Nf6 4.Nc3 cxd4 5.Nxd4 Nc6 6.Bg5 e6 7.Qd2 a6 8.O-O-O Bd7
9.f4 h6 10.Bxf6 Qxf6 11.Nf3 Qd8 12.Bd3 Qa5 13.Kb1 O-O-O 14.Rhe1 Be8 15.Qe2 g6
16.Nd2 Bg7 17.Nc4 Qc7 18.e5 dxe5 19.fxe5 Kb8 20.a4 h5 21.Qe3 h4 22.Qf4 Rh5
23.Be2 Rxd1+ 24.Bxd1 Rf5 25.Qxh4 Nxe5 26.Ne3 Bf6 27.Qh3 Rf4 28.Rf1 Rxf1 29.Nxf1 Nc4
30.Qd3 Qf4 31.Bf3 Nxb2 32.Qe4 Qxe4 33.Nxe4 Be5 34.Nc5 Nxa4 35.Nxb7 Bb5 36.Ng3 Kc7
37.Na5 Nc5 38.Nb3 Nxb3 39.cxb3 Bxg3 40.hxg3 Kb6  0-1

[Event "Thessaloniki ol (Women)"]
[Site "Thessaloniki"]
[Date "1984.??.??"]
[Round "8"]
[White "Khadilkar, Jayshree"]
[Black "Nutu Gajic, Dana"]
[Result "1/2-1/2"]
[WhiteElo "1970"]
[BlackElo "2180"]

1.e4 c5 2.Nf3 d6 3.d4 Nf6 4.Nc3 cxd4 5.Nxd4 Nc6 6.Bg5 e6 7.Qd2 a6 8.O-O-O Bd7
9.f4 h6 10.Bh4 g5 11.fxg5 Ng4 12.Be2 Nge5 13.Rhf1 Be7 14.Kb1 hxg5 15.Bg3 Nxd4
16.Qxd4 Qa5 17.Qf2 f6 18.Bd3 Rc8 19.Ne2 Qc5 20.Nd4 b5 21.h4 Ng4 22.Qe2 e5
23.Nf5 Bxf5 24.exf5 gxh4 25.Qxg4 hxg3 26.Be4 Qc4 27.Qf3 Rh4 28.Bd3 e4 29.Bxc4 exf3
30.Be6 fxg2 31.Rg1 Rc5 32.Rxg2 Rh3 33.Rdg1 Re5 34.Kc1 Bf8 35.Rxg3 Bh6+ 36.Kd1 Rh2
37.R3g2 Rh4 38.Rg4 Rh5 39.Rg8+ Bf8 40.Re1 Ke7 41.Reg1 a5 42.c3 Re3 43.R8g3 Rxg3
44.Rxg3 Rh2 45.Kc1 Bh6+ 46.Kb1 Rh1+  1/2-1/2

[Event "Thessaloniki ol (Women)"]
[Site "Thessaloniki"]
[Date "1984.??.??"]
[Round "11"]
[White "Milligan Scott, Helen"]
[Black "Laitinen, Leena"]
[Result "1/2-1/2"]
[WhiteElo "1920"]
[BlackElo "1875"]

1.e4 c5 2.Nf3 Nc6 3.d4 cxd4 4.Nxd4 Nf6 5.Nc3 d6 6.Bg5 e6 7.Qd2 Be7 8.O-O-O O-O
9.f3 Nxd4 10.Qxd4 Qa5 11.h4 a6 12.g4 b5 13.Bd2 b4 14.Nb1 Qxa2 15.Bxb4 e5
16.Qc4 Qxc4 17.Bxc4 Rd8 18.Nc3 Be6 19.Nd5 Nxd5 20.Bxd5 Rab8 21.Ba3 Bxd5 22.Rxd5 Rb5
23.Rhd1 Rxd5 24.Rxd5 Bxh4 25.Rxd6 Rxd6 26.Bxd6 Bg5+ 27.Kd1 f6 28.Bc5 g6 29.Ke2 h5
30.gxh5 gxh5 31.b3 Kf7 32.c4 Ke6 33.Kf2 Kd7 34.Ke2 Kc6 35.Bb4 Kd7  1/2-1/2

[Event "Tirnavia"]
[Site "Trnava"]
[Date "1984.??.??"]
[Round "1"]
[White "Dobrovolsky, Ladislav"]
[Black "Lanc, Alois"]
[Result "0-1"]
[WhiteElo "2425"]
[BlackElo "2390"]

1.e4 c5 2.Nf3 Nc6 3.d4 cxd4 4.Nxd4 Nf6 5.Nc3 d6 6.Bg5 e6 7.Qd2 h6 8.Bxf6 gxf6
9.O-O-O a6 10.f4 Bd7 11.Kb1 Qb6 12.Nf3 O-O-O 13.g3 Kb8 14.Bg2 Na5 15.Qd4 Qxd4
16.Rxd4 h5 17.Rhd1 Nc6 18.R4d2 Be7 19.Ne2 Bc8 20.c4 Rdg8 21.Nc3 b6 22.b3 Rd8
23.Nh4 Bb7 24.Kb2 Kc7 25.Bf3 Rh6 26.Ng2 Bf8 27.Be2 Rh8 28.a3 Ne7 29.Nh4 Bg7
30.f5 Bh6 31.Rc2 Bg5 32.Nf3 Bc8 33.Nxg5 fxg5 34.fxe6 fxe6 35.e5 dxe5 36.Rxd8 Kxd8
37.Ne4 g4 38.a4 Nc6 39.c5 Nd4 40.Rd2 Bb7 41.Nd6 Kc7 42.Nxb7 Kxb7 43.cxb6 Kxb6
44.Bc4 Rf8 45.Bxe6 Kc5 46.Bc4 a5 47.Bd3 Rf3 48.Bg6 Rxb3+ 49.Ka2 Kb4 50.Bf7 Kc3
51.Rg2 Rb4 52.Bxh5 Nc2  0-1

[Event "URS Cup"]
[Site "URS"]
[Date "1984.??.??"]
[Round "?"]
[White "Guseinov, Aidyn"]
[Black "Lerner, Konstantin Z"]
[Result "1/2-1/2"]
[WhiteElo "2330"]
[BlackElo "2485"]

1.e4 c5 2.Nf3 Nc6 3.d4 cxd4 4.Nxd4 Nf6 5.Nc3 d6 6.Bg5 e6 7.Qd2 a6 8.O-O-O h6
9.Be3 Be7 10.f3 Nxd4 11.Qxd4 b5 12.g4 Bb7 13.Rg1 d5 14.e5 Nd7 15.f4 Qc7 16.Kb1 Rc8
17.Qd2 Nb6 18.f5 b4 19.Bxb6 Qxb6 20.Ne2 Rc4 21.Nf4 Qxg1 22.Bxc4 Qb6 23.Bd3 Bg5
24.Rf1 O-O 25.Qe2 exf5 26.Bxf5 Bxf4 27.Rxf4 Bc8 28.b3 a5 29.Qf2 Qxf2 30.Rxf2 Re8
31.Bxc8 Rxc8 32.Rd2 Rc5 33.Kb2 Kf8 34.a3 bxa3+ 35.Kxa3 Ke7 36.Kb2 Ke6 37.Rf2 d4
38.Rf4 Rd5 39.h4 Rd7 40.Re4 Kd5 41.Re1 Rc7 42.h5 Re7 43.Ra1 Kxe5 44.Rxa5+ Kf4
45.Ra1 f6 46.Rg1 Re2 47.Kc1 Kf3 48.b4 Ke4 49.Kd1 Re3 50.Kd2 Kd5 51.Rb1 Re6
52.Kd3 Re3+ 53.Kd2 Re6 54.Kd3 Re3+ 55.Kd2 Kc6 56.b5+ Kb6 57.Rb4 Re4 58.c4 dxc3+
59.Kxc3 Re3+ 60.Kd2 Re7 61.Kd3 Re5 62.Rb1 Rg5 63.Rb4 Ka5 64.Rb1 Rxg4 65.b6  1/2-1/2

[Event "URS Cup"]
[Site "URS"]
[Date "1984.??.??"]
[Round "?"]
[White "Giorgadze, Tamaz"]
[Black "Makarichev, Sergey"]
[Result "0-1"]
[WhiteElo "2495"]
[BlackElo "2495"]

1.e4 c5 2.Nf3 d6 3.d4 cxd4 4.Nxd4 Nf6 5.Nc3 Nc6 6.Bg5 e6 7.Qd2 a6 8.O-O-O h6
9.Be3 Be7 10.f3 Nxd4 11.Bxd4 b5 12.g4 Bb7 13.h4 Qa5 14.a3 Rc8 15.Bh3 e5 16.Be3 b4
17.axb4 Qa1+ 18.Nb1 Nxe4 19.Qd3 Ng3 20.Rh2 Bxf3 21.g5 Rb8 22.Bd2 Bxd1 23.Qxg3 Bh5
24.gxh6 g6 25.Qb3 O-O 26.Bg2 a5 27.Bd5 Rxb4 28.Bxb4 axb4 29.Bxf7+ Kh8 30.Qe6 Qa7
31.b3 Bd8 32.Be8 Rf1+ 33.Kb2 Qe3 34.Rd2 Qe1  0-1